000 00671nam a22002177a 4500
003 UA-OsUOA
001 105142
007 ta
008 20140211b un ||||| |||| 00| 0 ukr d
100 _aСисоєва Т.П.
090 _a330(477)
_bС40
942 _cSA
040 _aUA-OsUOA
_bukr
_cUA-OsUOA
_dUA-OsUOA
245 _aРегулювання ринку іпотечних послуг у системі протидії банківським ризикам
300 _aС.53-60
955 _a0
041 _aukr
080 _a330(477)
773 0 _w105139
_tФінанси України
_dК.
_d2013
_g12
650 7 _a330 Економіка взагалі
_2UDC
999 _c391290
_d391290